=LDR 00000nam 2200000 4500 =001 INLIS000000000048157 =005 20160623133212.0 =006 =007 =008 =020 ##$$a 979-8933-00-1 =035 ##$$0010-061600000000013 =082 ##$$a 320.532 =090 ##$$a 320.532 Tim b =100 ##$$a tim ISAI =245 ##$$a Bayang-Bayang PKI =260 ##$$a Jakarta $b tim ISAI $c 1995 =300 ##$$a 180 hlm $b ilus $c 21 cm =990 ##$$a 0001/BPAP-NTB/2016